[Event "3MCR_4D_2LA_2S"]
[Site "?"]
[Date "1999.??.??"]
[Round "2"]
[White "Liska, Karel"]
[Black "Fuka, Miroslav"]
[Result "1-0"]
[WhiteElo "2215"]
[BlackElo "2160"]
[PlyCount "81"]
[EventDate "1999.??.??"]
[EventType "corr"]

1. e4 e6 2. d4 d5 3. Nc3 Nf6 4. Bg5 Bb4 5. e5 h6 6. Bd2 Nfd7 7. Qg4 Kf8 8. f4
Nc6 9. Nge2 Nb6 10. h4 Nc4 11. Bc1 Bd7 12. a3 Be7 13. h5 a5 14. b3 Nb6 15. Nd1
a4 16. b4 Nc4 17. c3 f5 18. Qf3 Be8 19. Be3 Na7 20. Ng1 Bb5 21. g4 Nb6 22. gxf5
Bxf1 23. Qxf1 exf5 24. Qd3 Qd7 25. Nf3 Kg8 26. Bf2 Nc4 27. Bh4 Bf8 28. Nd2 Qf7
29. Nxc4 dxc4 30. Qe2 Nc8 31. Ne3 Nb6 32. O-O-O Nd5 33. Nxd5 Qxd5 34. Rhg1 Re8
35. Rg6 b6 36. Rdg1 Re6 37. Qg2 Qxg2 38. R1xg2 Kf7 39. d5 Rxg6 40. Rxg6 Rh7 41.
e6+ 1-0

[Event "3MCR_4D_2LA_2S"]
[Site "?"]
[Date "1999.??.??"]
[Round "2"]
[White "Efler, David"]
[Black "Absolon, Vaclav"]
[Result "1-0"]
[WhiteElo "2200"]
[BlackElo "1870"]
[PlyCount "51"]
[EventDate "1999.??.??"]
[EventType "corr"]

1. e4 c5 2. Nf3 Nc6 3. d4 cxd4 4. Nxd4 Nf6 5. Nc3 e5 6. Ndb5 d6 7. Bg5 a6 8.
Na3 b5 9. Bxf6 gxf6 10. Nd5 f5 11. Bd3 Be6 12. O-O Bg7 13. Qh5 f4 14. c4 bxc4
15. Bxc4 O-O 16. Rac1 Rb8 17. b3 Qa5 18. Nb1 Kh8 19. Nbc3 f5 20. Ne7 Nxe7 21.
Bxe6 Rf6 22. exf5 e4 23. Qe2 d5 24. Qd2 f3 25. g4 Qb4 26. Kh1 1-0

[Event "3MCR_4D_2LA_2S"]
[Site "?"]
[Date "1999.??.??"]
[Round "2"]
[White "Cihal, Jan"]
[Black "Efler, David"]
[Result "1-0"]
[WhiteElo "2000"]
[BlackElo "2200"]
[PlyCount "57"]
[EventDate "1999.??.??"]
[EventType "corr"]

1. e4 e5 2. Nf3 Nc6 3. d4 exd4 4. Nxd4 Bc5 5. Be3 Qf6 6. c3 Nge7 7. Bc4 b6 8.
O-O Bb7 9. Nb5 O-O-O 10. Bxc5 bxc5 11. Nd2 Ng6 12. Bd5 Kb8 13. Nc4 Nf4 14. f3
h5 15. Rf2 h4 16. Rd2 h3 17. g3 Nxd5 18. exd5 Ne5 19. Nxe5 Qxe5 20. d6 Qe3+ 21.
Rf2 c6 22. Nc7 f5 23. Qe2 Qxe2 24. Rxe2 f4 25. c4 Rh6 26. Rd1 fxg3 27. hxg3 g5
28. Kh2 Rf8 29. Re7 1-0

[Event "3MCR_4D_2LA_2S"]
[Site "?"]
[Date "1999.??.??"]
[Round "2"]
[White "Slavik, Jan"]
[Black "Polak, Petr"]
[Result "0-1"]
[WhiteElo "1800"]
[BlackElo "1800"]
[PlyCount "86"]
[EventDate "1999.??.??"]
[EventType "corr"]

1. e4 e5 2. Nf3 Nc6 3. Bc4 Nf6 4. Ng5 d5 5. exd5 Na5 6. Bb5+ c6 7. dxc6 bxc6 8.
Qf3 Qc7 9. Bd3 Bd6 10. Nc3 Bg4 11. Nb5 Bxf3 12. Nxc7+ Bxc7 13. gxf3 Nd5 14.
Nxh7 Bd8 15. a3 g6 16. b4 Nb7 17. c4 Nb6 18. Be4 Rc8 19. c5 Nd7 20. d4 Rxh7 21.
d5 Nb8 22. dxc6 Nxc6 23. Bb2 Be7 24. Bxe5 Nxc5 25. Bg3 Nxe4 26. fxe4 Bf6 27.
Rb1 Nd4 28. O-O Rc3 29. e5 Bh4 30. Kg2 Bxg3 31. hxg3 Nf3 32. Rh1 Rxh1 33. Kxh1
Rxa3 34. b5 Ra2 35. Kg2 Nxe5 36. Re1 f6 37. Kf1 Kd7 38. f4 Nc4 39. Rc1 Nd2+ 40.
Ke1 Ne4 41. Rb1 Nxg3 42. b6 axb6 43. Rxb6 Ra4 0-1

[Event "3MCR_4D_2LA_2S"]
[Site "?"]
[Date "1999.??.??"]
[Round "2"]
[White "Jirkovsky, Tomas"]
[Black "Konicek, Petr I"]
[Result "1/2-1/2"]
[WhiteElo "2045"]
[BlackElo "1800"]
[PlyCount "96"]
[EventDate "1999.??.??"]
[EventType "corr"]

1. e4 e6 2. d4 d5 3. Nd2 Nf6 4. e5 Nfd7 5. Bd3 c5 6. c3 Nc6 7. Ne2 cxd4 8. cxd4
f6 9. exf6 Nxf6 10. Nf3 Bd6 11. O-O Qc7 12. g3 O-O 13. Bf4 Bxf4 14. Nxf4 Qb6
15. Qd2 Kh8 16. Qe3 Qxb2 17. Rab1 Qa3 18. Ng5 Qd6 19. Rfe1 Bd7 20. Nfxe6 Bxe6
21. Qxe6 Qxe6 22. Nxe6 Rf7 23. Bb5 Ne4 24. Bxc6 bxc6 25. Rb2 Nd6 26. Rc2 Nc4
27. Nc5 Kg8 28. Re6 Rf6 29. Rce2 Raf8 30. Kf1 Rxe6 31. Rxe6 Rf6 32. Rxf6 gxf6
33. Ke2 Kf7 34. h3 Nd6 35. g4 Nb5 36. Ke3 Nd6 37. Na6 Ke7 38. Nb8 Nc4+ 39. Kf4
Kd6 40. Kf5 Nd2 41. Kf4 Ne4 42. Ke3 c5 43. dxc5+ Nxc5 44. h4 h6 45. f4 a5 46.
g5 fxg5 47. fxg5 hxg5 48. hxg5 Ne6 1/2-1/2

[Event "3MCR_4D_2LA_2S"]
[Site "?"]
[Date "1999.??.??"]
[Round "2"]
[White "Jirkovsky, Tomas"]
[Black "Polak, Petr"]
[Result "1-0"]
[WhiteElo "2045"]
[BlackElo "1800"]
[PlyCount "75"]
[EventDate "1999.??.??"]
[EventType "corr"]

1. e4 e5 2. Nf3 Nc6 3. d4 exd4 4. Nxd4 Bc5 5. Be3 Qf6 6. c3 Nge7 7. Bc4 b6 8.
O-O Bb7 9. Nb3 d6 10. Nxc5 dxc5 11. f4 O-O 12. Nd2 Rad8 13. Qe2 Rd7 14. Rae1
Na5 15. Bd3 Rfd8 16. Bc2 Qe6 17. b3 Qf6 18. Nb1 Nac6 19. Rf3 a6 20. Rh3 h6 21.
Bc1 Qe6 22. f5 Nxf5 23. exf5 Qxe2 24. Rxe2 Rd1+ 25. Bxd1 Rxd1+ 26. Kf2 Rxc1 27.
Nd2 a5 28. Rd3 Ba6 29. c4 Nd4 30. Re8+ Kh7 31. Re7 Rc2 32. Rxf7 Rxa2 33. Rxc7
Nxf5 34. Rdd7 h5 35. Kf3 Nd4+ 36. Ke3 a4 37. Rxg7+ Kh6 38. Rgd7 1-0

[Event "3MCR_4D_2LA_2S"]
[Site "?"]
[Date "1999.??.??"]
[Round "2"]
[White "Polak, Petr"]
[Black "Liska, Karel"]
[Result "1-0"]
[WhiteElo "1800"]
[BlackElo "2215"]
[PlyCount "73"]
[EventDate "1999.??.??"]
[EventType "corr"]

1. c4 c5 2. Nc3 Nc6 3. Nf3 e5 4. e3 f5 5. d4 e4 6. d5 Nb4 7. Nd2 Qg5 8. h4 Qe7
9. a3 Na6 10. g4 g6 11. Bh3 d6 12. gxf5 gxf5 13. Qh5+ Qf7 14. Qxf7+ Kxf7 15. f3
exf3 16. Nxf3 h6 17. Rf1 Nf6 18. Nh2 Rg8 19. Bxf5 Bxf5 20. Rxf5 Nc7 21. b4 Rg2
22. Ra2 Rxa2 23. Nxa2 Kg6 24. Rf4 Nd7 25. Nc3 Ne5 26. Ke2 cxb4 27. axb4 Rc8 28.
Nf3 Bg7 29. Ne4 Nxd5 30. cxd5 Rxc1 31. Nxd6 Rc2+ 32. Nd2 b6 33. Nf5 a5 34. Nxg7
Kxg7 35. bxa5 bxa5 36. d6 Rc8 37. Nb3 1-0

[Event "3MCR_4D_2LA_2S"]
[Site "?"]
[Date "1999.??.??"]
[Round "2"]
[White "Fuka, Miroslav"]
[Black "Hnilicka, Michal"]
[Result "0-1"]
[WhiteElo "2160"]
[BlackElo "1995"]
[PlyCount "104"]
[EventDate "1999.??.??"]
[EventType "corr"]

1. e4 e5 2. Nf3 Nf6 3. Nxe5 d6 4. Nf3 Nxe4 5. d4 d5 6. Bd3 Bd6 7. O-O O-O 8. c4
c6 9. Re1 Bf5 10. Nc3 Nxc3 11. bxc3 Bxd3 12. Qxd3 dxc4 13. Qxc4 Nd7 14. Bg5 Qc7
15. Qd3 Rfe8 16. c4 c5 17. Rxe8+ Rxe8 18. Rd1 Nb6 19. d5 Qd7 20. Rc1 Qg4 21.
Be3 f6 22. h3 Qe4 23. Qxe4 Rxe4 24. Nd2 Re7 25. Kf1 Kf7 26. Nb3 Na4 27. Rc2 Rd7
28. Rc1 Re7 29. Nd2 f5 30. g3 h6 31. Re1 g5 32. f4 gxf4 33. Bxf4 Bxf4 34. gxf4
Rxe1+ 35. Kxe1 Nb2 36. Ke2 Ke7 37. Kf3 a6 38. Kg3 Kd6 39. Kh4 b5 40. cxb5 axb5
41. Kh5 Nd3 42. h4 c4 43. Kxh6 Nxf4 44. Kg5 c3 45. Nb3 Ke5 46. h5 Nxh5 47. Kxh5
Kxd5 48. Na1 f4 49. Kg4 Ke4 50. Nc2 f3 51. Kg3 Kd3 52. Ne1+ Ke2 0-1

[Event "3MCR_4D_2LA_2S"]
[Site "?"]
[Date "1999.??.??"]
[Round "2"]
[White "Cihal, Jan"]
[Black "Polak, Petr"]
[Result "1/2-1/2"]
[WhiteElo "2000"]
[BlackElo "1800"]
[PlyCount "74"]
[EventDate "1999.??.??"]
[EventType "corr"]

1. e4 e5 2. Nf3 Nc6 3. d4 exd4 4. Nxd4 Bc5 5. Be3 Qf6 6. c3 Qg6 7. Qf3 Ne5 8.
Qf5 Qxf5 9. Nxf5 Bxe3 10. Nxe3 Nf6 11. f3 d6 12. Na3 a6 13. O-O-O Be6 14. Nac4
b5 15. Nxe5 dxe5 16. Nd5 Bxd5 17. exd5 Ke7 18. c4 Kd6 19. b3 bxc4 20. bxc4 Rab8
21. Kc2 Rb6 22. Bd3 Rhb8 23. Kc3 Nd7 24. Rb1 h5 25. Rb3 Nc5 26. Rxb6+ Rxb6 27.
Bc2 a5 28. g4 hxg4 29. fxg4 f6 30. Rg1 Rb4 31. a3 Rb7 32. h4 Rb8 33. h5 Rh8 34.
Rb1 Ra8 35. Rb5 c6 36. dxc6 Kxc6 37. Bg6 e4 1/2-1/2

[Event "3MCR_4D_2LA_2S"]
[Site "?"]
[Date "1999.??.??"]
[Round "2"]
[White "Jirkovsky, Tomas"]
[Black "Cihal, Jan"]
[Result "1-0"]
[WhiteElo "2045"]
[BlackElo "2000"]
[PlyCount "87"]
[EventDate "1999.??.??"]
[EventType "corr"]

1. e4 c6 2. Nc3 d5 3. Nf3 dxe4 4. Nxe4 Bf5 5. Ng3 Bg6 6. h4 h6 7. Ne5 Qd6 8. d4
Nd7 9. Nxg6 Qxg6 10. Bd3 Qe6+ 11. Be3 Ngf6 12. c3 O-O-O 13. Bf5 Qd5 14. Bh3 e6
15. O-O g5 16. Nh5 Rg8 17. Nxf6 Nxf6 18. f3 gxh4 19. Qa4 a6 20. Rae1 Bd6 21.
Qb3 Qh5 22. Bc1 Rg6 23. f4 Rdg8 24. Qc2 Qd5 25. Re3 Ng4 26. Ree1 Qxa2 27. f5
Rf6 28. c4 Qa5 29. fxe6 h5 30. e7 Rxf1+ 31. Kxf1 Re8 32. Bd2 Qa2 33. Bf4 Kc7
34. Bxd6+ Kxd6 35. Bxg4 hxg4 36. Qe2 Kc7 37. Qe5+ Kb6 38. Qc5+ Kc7 39. d5 Qb3
40. d6+ Kd7 41. Qf5+ Kxd6 42. Qe5+ Kd7 43. Qd4+ Kc7 44. Rd1 1-0

[Event "3MCR_4D_2LA_2S"]
[Site "?"]
[Date "1999.??.??"]
[Round "2"]
[White "Konicek, Petr I"]
[Black "Efler, David"]
[Result "1/2-1/2"]
[WhiteElo "1800"]
[BlackElo "2200"]
[PlyCount "77"]
[EventDate "1999.??.??"]
[EventType "corr"]

1. e4 e5 2. Nf3 Nc6 3. Bc4 Nf6 4. d3 Be7 5. O-O O-O 6. Bb3 d6 7. c3 h6 8. Re1
Nh7 9. Nbd2 Ng5 10. h3 Be6 11. d4 exd4 12. cxd4 d5 13. e5 Qd7 14. Nxg5 hxg5 15.
Nf1 Rae8 16. Ng3 g4 17. Bc2 gxh3 18. Qh5 f5 19. exf6 Rxf6 20. Bg5 Kf8 21. Qh8+
Kf7 22. Qh5+ Kf8 23. Bxf6 Bxf6 24. Bg6 Rd8 25. Qh8+ Bg8 26. Bf5 Qf7 27. Be6 g6
28. Qxh3 Qg7 29. Ne2 Nxd4 30. Nxd4 Bxd4 31. Rad1 c5 32. b4 b6 33. bxc5 bxc5 34.
Qf3+ Qf6 35. Qxf6+ Bxf6 36. Bxg8 Kxg8 37. Re6 Kf7 38. Rc6 c4 39. Kf1 1/2-1/2

[Event "3MCR_4D_2LA_2S"]
[Site "?"]
[Date "1999.??.??"]
[Round "2"]
[White "Slavik, Jan"]
[Black "Nemecek, Pavel"]
[Result "0-1"]
[WhiteElo "1800"]
[BlackElo "2200"]
[PlyCount "72"]
[EventDate "1999.??.??"]
[EventType "corr"]

1. e4 e5 2. Nf3 Nf6 3. Nxe5 d6 4. Nf3 Nxe4 5. d4 d5 6. Bd3 Bd6 7. O-O O-O 8. c4
c6 9. Nc3 Nxc3 10. bxc3 dxc4 11. Bxc4 Bg4 12. Qd3 Nd7 13. Ng5 Nf6 14. h3 Bh5
15. f4 h6 16. g4 b5 17. Bb3 hxg5 18. fxg5 Nxg4 19. hxg4 Bxg4 20. Qe4 Bh3 21.
Rxf7 Rxf7 22. g6 Qf6 23. gxf7+ Kf8 24. Be3 a5 25. Bf2 Qg5+ 26. Kh1 Bg4 27. Qg2
a4 28. Bc2 Kxf7 29. Kg1 Rh8 30. Bg3 Bh3 31. Qf3+ Kg8 32. Re1 Bd7 33. Re5 Bxe5
34. dxe5 Rh3 35. Kg2 Bg4 36. Qd3 Be2 0-1

[Event "3MCR_4D_2LA_2S"]
[Site "?"]
[Date "1999.??.??"]
[Round "2"]
[White "Efler, David"]
[Black "Slavik, Jan"]
[Result "1/2-1/2"]
[WhiteElo "2200"]
[BlackElo "1800"]
[PlyCount "67"]
[EventDate "1999.??.??"]
[EventType "corr"]

1. e4 e5 2. Nf3 Nc6 3. Bb5 f5 4. Nc3 Nf6 5. exf5 Bc5 6. O-O O-O 7. Nxe5 Nxe5 8.
d4 Bxd4 9. Qxd4 d6 10. Bf4 Bxf5 11. Bxe5 dxe5 12. Qxe5 Bxc2 13. Bc4+ Kh8 14.
Nb5 Ne8 15. Rac1 Bg6 16. Nd4 Qd6 17. Qe3 Qb6 18. Ne6 Qxe3 19. fxe3 Rxf1+ 20.
Bxf1 c6 21. Rd1 Nf6 22. Rd8+ Rxd8 23. Nxd8 Ng4 24. Be2 Nxe3 25. Kf2 Nd5 26.
Nxb7 Kg8 27. Nd8 Be8 28. Kf3 Kf8 29. Ne6+ Kf7 30. Ng5+ Kg6 31. Ne4 Bd7 32. Bd3
Be6 33. a3 h6 34. b4 1/2-1/2

[Event "3MCR_4D_2LA_2S"]
[Site "?"]
[Date "1999.??.??"]
[Round "2"]
[White "Polak, Petr"]
[Black "Efler, David"]
[Result "1/2-1/2"]
[WhiteElo "1800"]
[BlackElo "2200"]
[PlyCount "55"]
[EventDate "1999.??.??"]
[EventType "corr"]

1. c4 e5 2. Nc3 Nf6 3. Nf3 Nc6 4. g3 Bb4 5. Bg2 O-O 6. O-O Re8 7. Nd5 Bc5 8. e3
e4 9. Ne1 d6 10. f3 Nxd5 11. cxd5 exf3 12. Nxf3 Nb4 13. d4 Bb6 14. Qb3 a5 15.
Nd2 Bg4 16. Nc4 Be2 17. Rf2 Bxc4 18. Qxc4 Na6 19. e4 f6 20. Bd2 Nb8 21. Re1 Nd7
22. Bh3 Nf8 23. b3 Re7 24. a4 Qe8 25. Rf4 Kh8 26. Bf5 c5 27. dxc5 Bxc5+ 28. Kh1
1/2-1/2

[Event "3MCR_4D_2LA_2S"]
[Site "?"]
[Date "1999.??.??"]
[Round "2"]
[White "Hnilicka, Michal"]
[Black "Polak, Petr"]
[Result "1/2-1/2"]
[WhiteElo "1995"]
[BlackElo "1800"]
[PlyCount "103"]
[EventDate "1999.??.??"]
[EventType "corr"]

1. e4 e5 2. Nf3 Nc6 3. Bb5 a6 4. Ba4 Nf6 5. O-O Be7 6. Re1 b5 7. Bb3 d6 8. c3
O-O 9. h3 Na5 10. Bc2 c5 11. d4 Qc7 12. Nbd2 Rd8 13. Nf1 cxd4 14. cxd4 exd4 15.
Nxd4 d5 16. e5 Ne4 17. f3 Bc5 18. Be3 Nc4 19. fxe4 Nxe3 20. Nxe3 dxe4 21. Bxe4
Rxd4 22. Qc2 Rc4 23. Qd3 Bb7 24. Bxb7 Qxb7 25. Kh1 Qe4 26. Qb3 Rb4 27. Qc3 Qd4
28. Qxd4 Rxd4 29. Rac1 Bf8 30. Nf1 Re8 31. Rc6 f6 32. Rxa6 fxe5 33. a3 Rd3 34.
Rc6 e4 35. Rc2 Bd6 36. Rce2 Re6 37. Re3 Rxe3 38. Nxe3 Rf6 39. Kg1 Bc5 40. Kh2
Rf2 41. b4 Bd6+ 42. Kg1 Bg3 43. Rf1 Rf7 44. Nf5 Bc7 45. g4 Rd7 46. Kg2 g6 47.
Nh6+ Kg7 48. g5 Bb6 49. Kg3 Bc7+ 50. Kg4 Bd8 51. h4 Bc7 52. Rf6 1/2-1/2

[Event "3MCR_4D_2LA_2S"]
[Site "?"]
[Date "1999.??.??"]
[Round "2"]
[White "Jirkovsky, Tomas"]
[Black "Efler, David"]
[Result "1-0"]
[WhiteElo "2045"]
[BlackElo "2200"]
[PlyCount "69"]
[EventDate "1999.??.??"]
[EventType "corr"]

1. e4 c5 2. Nc3 Nc6 3. g3 g6 4. Bg2 Bg7 5. d3 Rb8 6. f4 b5 7. Nf3 b4 8. Nd5 e6
9. Ne3 Nge7 10. a3 d5 11. e5 b3 12. c3 Ba6 13. Ng4 Nf5 14. O-O O-O 15. Ng5 h6
16. Nf3 Qb6 17. Nf2 h5 18. Re1 Rfd8 19. Qe2 Rbc8 20. Kh1 Rc7 21. Rg1 Bh6 22.
Bf1 Bg7 23. h3 Nce7 24. g4 hxg4 25. hxg4 Nh6 26. Rg3 Kf8 27. Rh3 Neg8 28. Bg2
Ke8 29. Bd2 c4 30. d4 Kd7 31. Kh2 Ke8 32. Rh1 Kf8 33. Kg1 Bc8 34. Be3 a5 35.
Ng5 1-0

[Event "3MCR_4D_2LA_2S"]
[Site "?"]
[Date "1999.??.??"]
[Round "2"]
[White "Fuka, Miroslav"]
[Black "Jirkovsky, Tomas"]
[Result "0-1"]
[WhiteElo "2160"]
[BlackElo "2045"]
[PlyCount "104"]
[EventDate "1999.??.??"]
[EventType "corr"]

1. e4 c6 2. d4 d5 3. Nc3 dxe4 4. Nxe4 Nd7 5. Ng5 Ngf6 6. Bd3 e6 7. N1f3 h6 8.
Nxe6 fxe6 9. Bg6+ Ke7 10. O-O Qc7 11. c4 Kd8 12. Ne5 Nxe5 13. dxe5+ Nd7 14. Bf4
Be7 15. Qg4 Nf8 16. Rad1+ Bd7 17. Bf7 g5 18. Bg3 Kc8 19. Rd3 Kb8 20. Rfd1 Bc8
21. a3 Bc5 22. Bh5 Qe7 23. Rf3 Rh7 24. Qe4 Rg7 25. b4 Bb6 26. c5 Bc7 27. Rf6
Bd7 28. Qf3 Nh7 29. Rxh6 a6 30. Bg4 Ka7 31. a4 Rd8 32. Qe4 Nf8 33. h4 Rg8 34.
h5 Qg7 35. Rf6 Be8 36. h6 Rxd1+ 37. Bxd1 Qd7 38. Qf3 g4 39. Qe2 Qd4 40. Rf4 Qa1
41. Rc4 Rh8 42. Qd2 Bxe5 43. Bxe5 Qxe5 44. Bxg4 Qf6 45. Rd4 Rxh6 46. Bh3 Rh5
47. Qe3 Re5 48. Rf4 Qg5 49. Rg4 Qxg4 50. Qxe5 Qxb4 51. Kh2 Qh4 52. f3 Qh5 0-1

[Event "3MCR_4D_2LA_2S"]
[Site "?"]
[Date "1999.??.??"]
[Round "2"]
[White "Slavik, Jan"]
[Black "Hnilicka, Michal"]
[Result "1/2-1/2"]
[WhiteElo "1800"]
[BlackElo "1995"]
[PlyCount "95"]
[EventDate "1999.??.??"]
[EventType "corr"]

1. e4 e5 2. Nf3 Nf6 3. d4 Nxe4 4. Bd3 d5 5. Nxe5 Bd6 6. O-O O-O 7. c4 Bxe5 8.
dxe5 Nc6 9. cxd5 Qxd5 10. Qc2 Nb4 11. Bxe4 Nxc2 12. Bxd5 Bf5 13. g4 Bxg4 14.
Be4 Nxa1 15. Bf4 f6 16. Nc3 fxe5 17. Bg3 Rad8 18. Rxa1 Rd2 19. b4 Bf3 20. a3
Bxe4 21. Nxe4 Re2 22. Nc5 b6 23. Ne6 Rc8 24. Rd1 Kf7 25. Nd8+ Kf6 26. Nc6 a6
27. Kf1 Re4 28. Rd7 h5 29. h4 Re8 30. Rxc7 Rc4 31. Bxe5+ Rxe5 32. Rf7+ Ke6 33.
Re7+ Kf6 34. Rf7+ Ke6 35. Nxe5 Kxe5 36. Rxg7 Rxh4 37. Ra7 Kf4 38. Kg2 Rg4+ 39.
Kh3 Kf3 40. Rxa6 Kxf2 41. Rxb6 Rg3+ 42. Kh4 Rxa3 43. Rb8 Ra1 44. b5 Rh1+ 45.
Kg5 h4 46. b6 h3 47. b7 Rb1 48. Rf8+ 1/2-1/2

[Event "3MCR_4D_2LA_2S"]
[Site "?"]
[Date "1999.??.??"]
[Round "2"]
[White "Polak, Petr"]
[Black "Rybak, Radek"]
[Result "0-1"]
[WhiteElo "1800"]
[BlackElo "2200"]
[PlyCount "74"]
[EventDate "1999.??.??"]
[EventType "corr"]

1. c4 e6 2. Nc3 d5 3. d4 Nf6 4. Bg5 Be7 5. Nf3 O-O 6. e3 h6 7. Bxf6 Bxf6 8. Rc1
c6 9. Bd3 Nd7 10. O-O dxc4 11. Bxc4 e5 12. dxe5 Nxe5 13. Nxe5 Qxd1 14. Rfxd1
Bxe5 15. Rd2 Bf5 16. Rcd1 Bf6 17. Bd3 Be6 18. h3 Rad8 19. f4 Rfe8 20. Kf2 b5
21. Ke2 a5 22. g4 b4 23. Ne4 Be7 24. b3 a4 25. bxa4 Ra8 26. f5 Bd5 27. f6 gxf6
28. Rf1 Rxa4 29. Nxf6+ Bxf6 30. Rxf6 Re6 31. Rxe6 Bxe6 32. Bb1 c5 33. Rc2 c4
34. Kd1 Ra3 35. Re2 Kg7 36. Rb2 b3 37. axb3 c3 0-1

[Event "3MCR_4D_2LA_2S"]
[Site "?"]
[Date "1999.??.??"]
[Round "2"]
[White "Minovsky, Roman"]
[Black "Nemecek, Pavel"]
[Result "0-1"]
[WhiteElo "2020"]
[BlackElo "2200"]
[PlyCount "66"]
[EventDate "1999.??.??"]
[EventType "corr"]

1. e4 c6 2. d4 d5 3. Nc3 dxe4 4. Nxe4 Nd7 5. Bc4 Ngf6 6. Ng5 e6 7. Qe2 Nb6 8.
Bd3 h6 9. N5f3 c5 10. dxc5 Bxc5 11. Ne5 Nbd7 12. Ngf3 O-O 13. O-O Nxe5 14. Nxe5
Qc7 15. c4 b6 16. b3 Bd4 17. Bb2 Bxb2 18. Qxb2 Bb7 19. Rad1 Rfd8 20. Rfe1 Rd6
21. Bc2 Rad8 22. Rxd6 Rxd6 23. Qc3 b5 24. Rc1 Nd7 25. Ng4 f5 26. Ne3 f4 27. Nf1
Qc6 28. f3 Qc5+ 29. Kh1 bxc4 30. bxc4 Ne5 31. Rb1 Ba6 32. Nd2 Qe3 33. Qb3 Rxd2
0-1

[Event "3MCR_4D_2LA_2S"]
[Site "?"]
[Date "1999.??.??"]
[Round "2"]
[White "Hnilicka, Michal"]
[Black "Konicek, Petr I"]
[Result "1-0"]
[WhiteElo "1995"]
[BlackElo "1800"]
[PlyCount "87"]
[EventDate "1999.??.??"]
[EventType "corr"]

1. e4 e6 2. d4 d5 3. Nd2 Nf6 4. e5 Nfd7 5. f4 c5 6. c3 Nc6 7. Ndf3 Qb6 8. g3
Be7 9. Bh3 f5 10. Ne2 O-O 11. g4 a5 12. O-O Ndb8 13. Kh1 Na6 14. Rg1 Kh8 15.
gxf5 exf5 16. Qc2 Qc7 17. Be3 c4 18. b3 b5 19. a4 Na7 20. axb5 Nxb5 21. Bg2 Rb8
22. bxc4 Qxc4 23. Qa2 Na3 24. Bc1 Qxa2 25. Rxa2 Nc4 26. Nd2 Nxd2 27. Bxd2 Rb5
28. Rga1 Bd8 29. c4 dxc4 30. Bxa5 Nc7 31. Ra4 Rb2 32. Rxc4 Rxe2 33. Bxc7 Be6
34. Rc5 Bxc7 35. Rxc7 Rd2 36. Rc6 Rxg2 37. Rxe6 Rd2 38. Rd6 Rb8 39. e6 Re2 40.
Rb6 Rd8 41. d5 h6 42. Rb5 Rc8 43. Rb3 Rec2 44. d6 1-0

[Event "3MCR_4D_2LA_2S"]
[Site "?"]
[Date "1999.??.??"]
[Round "2"]
[White "Jirku, Jaroslav"]
[Black "Hnilicka, Michal"]
[Result "0-1"]
[WhiteElo "2230"]
[BlackElo "1995"]
[PlyCount "88"]
[EventDate "1999.??.??"]
[EventType "corr"]

1. e4 e5 2. Nf3 Nf6 3. Nxe5 d6 4. Nf3 Nxe4 5. d4 d5 6. Bd3 Bd6 7. O-O O-O 8. c4
c6 9. Qc2 Na6 10. Bxe4 dxe4 11. Qxe4 Re8 12. Qd3 Bg4 13. Bg5 Qd7 14. a3 Nc5 15.
Qd1 Ne4 16. Be3 Re6 17. h3 Rg6 18. Ne5 Bxd1 19. Nxd7 Bf3 20. g4 h5 21. Ne5 Bxe5
22. dxe5 hxg4 23. Nd2 Nxd2 24. Bxd2 Re8 25. Rae1 gxh3+ 26. Kh2 Rg2+ 27. Kxh3
Re6 28. Rg1 Rxf2 29. Bc3 Be2 30. Rg5 Bxc4 31. Kg3 Rc2 32. Rg4 Bd5 33. Kf4 Rh2
34. Reg1 g6 35. Kg3 Re2 36. Ra4 a6 37. Rf4 g5 38. Rff1 Rh6 39. Rf5 Rg6 40. Rf6
Kh7 41. Rd6 Rg8 42. Rf1 Rg2+ 43. Kh3 g4+ 44. Kh4 g3 0-1

[Event "3MCR_4D_2LA_2S"]
[Site "?"]
[Date "1999.??.??"]
[Round "2"]
[White "Rybak, Radek"]
[Black "Slavik, Jan"]
[Result "1/2-1/2"]
[WhiteElo "2200"]
[BlackElo "1800"]
[PlyCount "99"]
[EventDate "1999.??.??"]
[EventType "corr"]

1. e4 e5 2. Nf3 Nf6 3. Bc4 Nxe4 4. Nc3 Nxc3 5. dxc3 f6 6. Nh4 g6 7. f4 c6 8. f5
d5 9. fxg6 dxc4 10. Qh5 Kd7 11. g7 Bxg7 12. Qg4+ Kc7 13. Qxg7+ Nd7 14. Bh6 Qg8
15. Rf1 Qxg7 16. Bxg7 Re8 17. Rd1 Re7 18. Nf5 Re6 19. Rf3 Nb6 20. Ne3 Bd7 21.
Rxf6 Rxf6 22. Bxf6 Re8 23. h3 Re6 24. Bg7 Re7 25. Bf8 Re6 26. Bb4 Rg6 27. Kf2
Rf6+ 28. Ke2 Be8 29. Be7 Rg6 30. Bd8+ Kc8 31. Bxb6 axb6 32. Rf1 Kd7 33. Rf5 Ke6
34. Rf8 Bf7 35. Rb8 Rg7 36. g4 Bg6 37. Nxc4 Bxc2 38. Re8+ Kf6 39. Nxe5 Bb1 40.
a3 b5 41. Kf3 Bg6 42. Nxg6 hxg6 43. h4 Rd7 44. Kf4 Rh7 45. g5+ Kf7 46. Re4
Rxh4+ 47. Ke5 Rxe4+ 48. Kxe4 Ke6 49. b3 b6 50. c4 1/2-1/2

[Event "3MCR_4D_2LA_2S"]
[Site "?"]
[Date "1999.??.??"]
[Round "2"]
[White "Liska, Karel"]
[Black "Slavik, Jan"]
[Result "1/2-1/2"]
[WhiteElo "2215"]
[BlackElo "1800"]
[PlyCount "69"]
[EventDate "1999.??.??"]
[EventType "corr"]

1. e4 e5 2. Nf3 Nf6 3. Nc3 Bb4 4. Nxe5 O-O 5. Be2 Re8 6. Nd3 Bxc3 7. dxc3 Nxe4
8. Nf4 c6 9. c4 d6 10. O-O Bf5 11. a4 Nd7 12. g4 Bg6 13. Ra3 Qc7 14. h4 h6 15.
Re3 Nec5 16. c3 Be4 17. b4 d5 18. Nh5 Ne6 19. Ng3 Nf4 20. Rxe4 Rxe4 21. Nxe4
Nxe2+ 22. Qxe2 Re8 23. f3 dxe4 24. f4 c5 25. Be3 b6 26. Rd1 Qc6 27. b5 Qc7 28.
g5 hxg5 29. hxg5 Nf8 30. Qg4 a5 31. Kf2 Qe7 32. Kg2 g6 33. Qh4 Qe6 34. Rd5 Re7
35. Re5 1/2-1/2

[Event "3MCR_4D_2LA_2S"]
[Site "?"]
[Date "1999.??.??"]
[Round "2"]
[White "Cihal, Jan"]
[Black "Jirku, Jaroslav"]
[Result "0-1"]
[WhiteElo "2000"]
[BlackElo "2230"]
[PlyCount "76"]
[EventDate "1999.??.??"]
[EventType "corr"]

1. e4 e5 2. Nf3 Nc6 3. d4 exd4 4. Nxd4 Nf6 5. Nxc6 bxc6 6. e5 Qe7 7. Qe2 Nd5 8.
c4 Ba6 9. b3 Qh4 10. Bb2 Bb4+ 11. Kd1 Nf4 12. Qf3 Ne6 13. Qg3 Qxg3 14. hxg3
O-O-O 15. Be2 h6 16. f4 d5 17. exd6 Rxd6+ 18. Kc2 Rhd8 19. Bg4 Kb8 20. Bf3 f6
21. a3 Bc5 22. f5 Ng5 23. Bc3 Nxf3 24. gxf3 Be3 25. Rh2 Rd3 26. Re2 Bc8 27. g4
h5 28. Rh2 Bf4 29. Rf2 h4 30. Bd2 Bg3 31. Rf1 c5 32. Ba5 Be5 33. Bc3 Bb7 34.
Bxe5 fxe5 35. Nc3 Bxf3 36. Rae1 Rd2+ 37. Kc1 Bg2 38. Nd5 Ra2 0-1

[Event "3MCR_4D_2LA_2S"]
[Site "?"]
[Date "1999.??.??"]
[Round "2"]
[White "Bezpalec, Vratislav"]
[Black "Jirku, Jaroslav"]
[Result "1/2-1/2"]
[WhiteElo "2140"]
[BlackElo "2230"]
[PlyCount "88"]
[EventDate "1999.??.??"]
[EventType "corr"]

1. c4 c5 2. Nf3 Nf6 3. Nc3 e6 4. e4 d6 5. d4 cxd4 6. Nxd4 Be7 7. Be2 O-O 8. O-O
Nc6 9. Nc2 b6 10. b3 Bb7 11. Bb2 Rc8 12. Ne3 Nb8 13. Bf3 Nbd7 14. g3 Qc7 15.
Bg2 a6 16. Re1 Rfd8 17. Qe2 Nc5 18. Ng4 Nxg4 19. Qxg4 g6 20. Rad1 Nd7 21. Rd2
Bf6 22. Qf4 Be5 23. Qe3 b5 24. Ne2 bxc4 25. bxc4 Qxc4 26. Ba3 Qa4 27. Bxd6 Bxd6
28. Rxd6 Ne5 29. Qb6 Rxd6 30. Qxd6 Nd7 31. Nf4 Rc2 32. Nxe6 fxe6 33. Bh3 Kh8
34. Bxe6 Qa5 35. Rb1 Qc5 36. Qf4 g5 37. Qf7 Rc1+ 38. Kg2 Bxe4+ 39. Kh3 Qf8 40.
Qxf8+ Nxf8 41. Rxc1 Nxe6 42. Kg4 Kg7 43. h4 gxh4 44. Kxh4 Kf6 1/2-1/2

[Event "3MCR_4D_2LA_2S"]
[Site "?"]
[Date "1999.??.??"]
[Round "2"]
[White "Cihal, Jan"]
[Black "Minovsky, Roman"]
[Result "1/2-1/2"]
[WhiteElo "2000"]
[BlackElo "2020"]
[PlyCount "87"]
[EventDate "1999.??.??"]
[EventType "corr"]

1. e4 e5 2. Nf3 Nc6 3. d4 exd4 4. Nxd4 Bc5 5. Be3 Qf6 6. c3 Nge7 7. Bc4 O-O 8.
Nxc6 Qxc6 9. Bxc5 Qxc5 10. Qd4 Qg5 11. Nd2 d6 12. f3 b5 13. Bb3 Bb7 14. O-O-O
a5 15. h4 Qe5 16. Qxe5 dxe5 17. a4 c6 18. Bc2 Ng6 19. g3 h5 20. Nb3 bxa4 21.
Nc5 Ba6 22. Nxa6 Rxa6 23. Bxa4 Rb8 24. Rd6 Rab6 25. Rh2 Ne7 26. g4 c5 27. Rd7
Ng6 28. gxh5 Nf4 29. c4 Rh6 30. Ra7 Rxh5 31. Rxa5 g5 32. Kc2 gxh4 33. Bd7 Rb7
34. Bg4 Rh6 35. Rxc5 Rxb2+ 36. Kxb2 Nd3+ 37. Kb3 Nxc5+ 38. Kb4 Na6+ 39. Kb5
Nc7+ 40. Kc5 Kf8 41. Ra2 Ke7 42. Rd2 Ne6+ 43. Kb5 Nc7+ 44. Kc5 1/2-1/2